| 000 | 00747nam a2200265Ia 4500 | ||
|---|---|---|---|
| 008 | 160319s9999 xx 000 0 und d | ||
| 020 | _a9710870645 | ||
| 050 | _a310 | ||
| 050 | _bB328s 2004 | ||
| 100 | _aBatacan, Ma. Carmelita A. | ||
| 245 | _aStatistics for Filipino students / | ||
| 245 | _cMa. Carmelita A. Batacan. | ||
| 250 | _aThird edition. | ||
| 260 | _aMandaluyong City : | ||
| 260 | _bNational Bookstore | ||
| 260 | _c2009 | ||
| 300 | _aix, 266 pages : | ||
| 300 | _billustrations ; | ||
| 300 | _c26 cm. | ||
| 650 | _aStatistics -- | ||
| 650 | _x Textbooks. | ||
| 700 | _aAgcaoili, Zenaida A., author | ||
| 700 | _aSalamat, Lorina G., author | ||
| 700 | _aSta. Maria, Antonina C., Cabero, Jonathan B., authors | ||
| 999 |
_c292111 _d292111 |
||